Taylor Swift's Dates - Statistics

General Stats
  • This quiz has been taken 30 times
  • The average score is 21 of 27
Answer Stats
Question Tile Select % Correct
Which of these men actually dated Taylor Swift at one point? No
96%
Which of these men actually dated Taylor Swift at one point? Yes
96%
Which of these men actually dated Taylor Swift at one point? No
96%
Which one of these men is Taylor Swift currently dating? No
96%
Which one of these men is Taylor Swift currently dating? No
96%
Which one of these men is Taylor Swift currently dating? No
96%
Which one of these men is Taylor Swift currently dating? No
96%
Which one of these men is Taylor Swift currently dating? Yes
96%
Which one of these men is Taylor Swift currently dating? No
96%
Which of these men actually dated Taylor Swift at one point? No
91%
Which one of these men is Taylor Swift currently dating? No
91%
Which one of these men is Taylor Swift currently dating? No
91%
Which of these men actually dated Taylor Swift at one point? No
87%
Which of these men actually dated Taylor Swift at one point? Yes
87%
Which one of these men is Taylor Swift currently dating? No
87%
Which of these men actually dated Taylor Swift at one point? No
83%
Which of these men actually dated Taylor Swift at one point? Yes
78%
Which of these men did NOT date Taylor Swift at one point? Yes
74%
Which of these men did NOT date Taylor Swift at one point? No
70%
Which of these men did NOT date Taylor Swift at one point? Yes
65%
Which of these men did NOT date Taylor Swift at one point? Yes
65%
Which of these men did NOT date Taylor Swift at one point? No
65%
Which of these men did NOT date Taylor Swift at one point? Yes
65%
Which of these men did NOT date Taylor Swift at one point? No
57%
Which of these men did NOT date Taylor Swift at one point? Yes
52%
Which of these men did NOT date Taylor Swift at one point? No
39%
Which of these men actually dated Taylor Swift at one point? Yes
26%
No matching quizzes found
Score Distribution
Percent of People with Each Score
Percentile by Number Answered
Your Score History
You have not taken this quiz